Guns in America: a reader
| Otros Autores: | |
|---|---|
| Tipo de documento: | Print Libro |
| Lenguaje: | Inglés |
| Publicado: |
New York [u.a.]
New York University Press
1999
|
| En: | Año: 1999 |
| Acceso en línea: |
Autorenbiografie (Publisher) Book review (H-Net) Verlagsangaben (Publisher) |
| Disponibilidad en Tübingen: | Disponible en Tübingen. UB: KB 19 A 8259 |
| Verificar disponibilidad: | HBZ Gateway |
| Servicio de pedido Subito: | Pedir ahora. |
| Palabras clave: |
MARC
| LEADER | 00000cam a2200000 c 4500 | ||
|---|---|---|---|
| 001 | 251353222 | ||
| 003 | DE-627 | ||
| 005 | 20260206194123.0 | ||
| 007 | tu | ||
| 008 | 981117s1999 xxu||||| b 00| ||eng c | ||
| 010 | |a 98047896 | ||
| 016 | 7 | |a 0814718795 |2 UK | |
| 020 | |a 0814718787 |c (cloth : alk. paper) |9 0-8147-1878-7 | ||
| 020 | |a 0814718795 |c (pbk. : alk. paper) |9 0-8147-1879-5 | ||
| 024 | 3 | |a 9780814718797 | |
| 035 | |a (DE-627)251353222 | ||
| 035 | |a (DE-603)091690854 | ||
| 035 | |a (DE-576)086689185 | ||
| 035 | |a (DE-599)GBV251353222 | ||
| 035 | |a (OCoLC)245920346 | ||
| 035 | |a (OCoLC)40230496 | ||
| 040 | |a DE-627 |b ger |c DE-627 |e rakwb | ||
| 041 | |a eng | ||
| 044 | |c XD-US |c XA-GB | ||
| 050 | 0 | |a HV7436 | |
| 050 | 0 | |a HV7436.G878 1999 | |
| 082 | 0 | |a 363.3/3/0973 |q LOC |2 21 | |
| 082 | 0 | |a 363.330973 | |
| 084 | |a 7,26 |2 ssgn | ||
| 084 | |a MS 1235 |2 rvk |0 (DE-625)rvk/123576: | ||
| 084 | |a MS 6380 |2 rvk |0 (DE-625)rvk/123753: | ||
| 084 | |a MZ 6670 |2 rvk |0 (DE-625)rvk/124004: | ||
| 084 | |a 15.87 |2 bkl | ||
| 245 | 0 | 0 | |a Guns in America |b a reader |c ed. by Jan E. Dizard ... |
| 264 | 1 | |a New York [u.a.] |b New York University Press |c 1999 | |
| 300 | |a IX, 517 S |b graph. Darst |c 26 cm | ||
| 336 | |a Text |b txt |2 rdacontent | ||
| 337 | |a ohne Hilfsmittel zu benutzen |b n |2 rdamedia | ||
| 338 | |a Band |b nc |2 rdacarrier | ||
| 500 | |a Includes bibliographical references (S. 509 - 511) and index | ||
| 505 | 8 | |a Literaturverz. S. 509 - 510 | |
| 505 | 8 | |a Literaturverz. S. 509 - 510 | |
| 583 | 1 | |a Archivierung prüfen |c 20200919 |f DE-640 |z 1 |2 pdager | |
| 583 | 1 | |a Archivierung prüfen |c 20240324 |f DE-4165 |z 1 |2 pdager | |
| 650 | 0 | |a gun control |z United States | |
| 650 | 0 | |a Firearms |z United States | |
| 650 | 0 | |a Firearms |z United States |x History | |
| 650 | 0 | |a gun control |x United States | |
| 650 | 0 | |a Firearms |x United States | |
| 650 | 0 | |a Firearms |x United States |x History | |
| 650 | 0 | 7 | |0 (DE-588)4053634-8 |0 (DE-627)106166220 |0 (DE-576)209104848 |a Schusswaffe |2 gnd |
| 650 | 0 | 7 | |0 (DE-588)4188892-3 |0 (DE-627)10526119X |0 (DE-576)210055952 |a Waffenrecht |2 gnd |
| 651 | 7 | |0 (DE-588)4078704-7 |0 (DE-627)106076612 |0 (DE-576)209209682 |a Usa |2 gnd | |
| 655 | 7 | |a Bibliografie |0 (DE-588)4006432-3 |0 (DE-627)104814519 |0 (DE-576)208865578 |2 gnd-content | |
| 655 | 7 | |a Aufsatzsammlung |0 (DE-588)4143413-4 |0 (DE-627)105605727 |0 (DE-576)209726091 |2 gnd-content | |
| 689 | 0 | 0 | |d g |0 (DE-588)4078704-7 |0 (DE-627)106076612 |0 (DE-576)209209682 |a USA |2 gnd |
| 689 | 0 | 1 | |d s |0 (DE-588)4053634-8 |0 (DE-627)106166220 |0 (DE-576)209104848 |a Schusswaffe |2 gnd |
| 689 | 0 | 2 | |d s |0 (DE-588)4188892-3 |0 (DE-627)10526119X |0 (DE-576)210055952 |a Waffenrecht |2 gnd |
| 689 | 0 | |5 (DE-627) | |
| 700 | 1 | |a Dizard, Jan E. |d 1940- |e Hrsg. |4 edt | |
| 856 | 4 | 2 | |u http://www.h-net.org/review/hrev-a0b6o1-aa |v 2016-01-04 |x Verlag |y Book review (H-Net) |7 1 |
| 856 | 4 | 2 | |u http://www.loc.gov/catdir/enhancements/fy0807/98047896-b.html |v 2016-01-04 |x Verlag |3 Autorenbiografie |7 1 |
| 856 | 4 | 2 | |u http://www.loc.gov/catdir/enhancements/fy0807/98047896-d.html |v 2016-01-04 |x Verlag |3 Verlagsangaben |7 1 |
| 935 | |a MZUSA | ||
| 935 | |i Blocktest | ||
| 935 | |h HEB |i 0501 | ||
| 935 | |h HEB |i 0503 | ||
| 936 | r | v | |a MS 1235 |b Nordamerika |k Soziologie |k Spezielle Soziologien |k Analysen einzelner Länder |k Außereuropa |k Nordamerika |0 (DE-627)1271132982 |0 (DE-625)rvk/123576: |0 (DE-576)201132982 |
| 936 | r | v | |a MS 6380 |b Kriminalität, Gefängnis, Erziehungsheim |k Soziologie |k Spezielle Soziologien |k Soziale Probleme |k Kriminalität, Gefängnis, Erziehungsheim |0 (DE-627)1271441438 |0 (DE-625)rvk/123753: |0 (DE-576)201441438 |
| 936 | r | v | |a MZ 6670 |b Feuerwaffen, Handfeuerwaffen |k Militärwissenschaft |k Heeresgliederung, Truppen- und Waffengattungen |k Heeresgliederung in Truppenteile und Einheiten |k Waffenkunde und Waffentechnik |k Feuerwaffen, Handfeuerwaffen |0 (DE-627)1271443252 |0 (DE-625)rvk/124004: |0 (DE-576)201443252 |
| 936 | b | k | |a 15.87 |j USA |x Geschichte |0 (DE-627)181569760 |
| 936 | s | n | |a m100 |2 mzub |
| 936 | s | n | |a m200 |2 mzub |
| 951 | |a BO | ||
| ELC | |b 1 | ||
| LOK | |0 000 xxxxxcx a22 zn 4500 | ||
| LOK | |0 001 3167684526 | ||
| LOK | |0 003 DE-627 | ||
| LOK | |0 004 251353222 | ||
| LOK | |0 005 20010210000000 | ||
| LOK | |0 008 000821||||||||||||||||ger||||||| | ||
| LOK | |0 040 |a DE-21 |c DE-627 |d DE-21 | ||
| LOK | |0 852 |a DE-21 | ||
| LOK | |0 852 1 |c KB 19 A 8259 |9 00 | ||
| LOK | |0 935 |a krim | ||
| LOK | |0 936ln |a k10.10.6 | ||
| LOK | |0 939 |a 21-08-00 |b l01 | ||
| ORI | |a SA-MARC-krimdoka001.raw | ||
| SIG | |a UB: KB 19 A 8259 | ||
